Depuración del diseño lógico de la CPUCR
Kaydedildi:
| Yazar: | |
|---|---|
| Diğer Yazarlar: | |
| Materyal Türü: | Kitap |
| Baskı/Yayın Bilgisi: |
San José, C.R.
2001
|
| Konular: | |
| Etiketler: |
Etiketle
Etiket eklenmemiş, İlk siz ekleyin!
|
MARC
| LEADER | 00000nam a2200000Ia 4500 | ||
|---|---|---|---|
| 003 | 008878 | ||
| 005 | 20221231144157.0 | ||
| 008 | 140114s2001 cr a m 000 ||s d | ||
| 040 | |c cru CEDI | ||
| 090 | |a TFG 4439 | ||
| 100 | |a Aimé Gamboa, Frantz |9 7514 | ||
| 245 | |a Depuración del diseño lógico de la CPUCR | ||
| 260 | |c 2001 |a San José, C.R. | ||
| 300 | |a viii, 181 hojas : ilustraciones | ||
| 500 | |a Proyecto de graduación (bachillerato en ingeniería eléctrica)--Universidad de Costa Rica. Facultad de Ingeniería. Escuela de Ingeniería Eléctrica | ||
| 650 | |x DISEÑO LOGICO |x CPUCR (MICROPROCESADOR) |x CIRCUITOS VLSI |x CIRCUITOS INTEGRADOS |x SIMULACION POR COMPUTADORA |x VERILOG (LENGUAJE PARA DESCRIPCION DE EQUIPO DE COMPUTACION) |9 7516 | ||
| 700 | |9 7515 |a Mena Licairac, Ramón Antonio | ||
| 942 | |c TFG | ||
| 999 | |c 18002 |d 18002 | ||
